000 00911nam a2200253Ia 4500
001 Para_2824
003 CHAP
008 220125s1972 xx 000 0 und d
010 _a201300
040 _cCHAP
082 _aPA 338.17361 M49 1971-72
110 _aMéxico. Dirección General de la Caña de Azúcar
_977003
245 _aResultados de Zafra :
_b 1971-1972 /
_c por Dirección General de la Caña de Azúcar
260 _aMéxico, D. F. :
_b La Dirección
300 _a538 p.
650 _aIndustria azucarera
_x México Azúcar
_x Aspectos económicos
_x México Azúcar
_x México
_x Estadísticas Caña de azúcar
_x Rendimiento Caña de azúcar
_x Costos de producción
_9166198
901 _aPA 338.17361 M49 1971-72
902 _aA
905 _a0000001972 mx a 0000000000 00
910 _a1972
942 _cPARA
942 _cPARA
_d1
999 _c201300
_d201300